Regionálne aspekty príjmových nerovností a ľudského kapitálu v Európskej únii

Príjmové nerovnosti medzi obyvateľmi sú prítomné v každej spoločnosti. Existuje množstvo faktorov, ktoré príjmové nerovnosti spôsobujú. Zároveň však existujú aj faktory, ktoré tieto nerovnosti dokážu účinne znižovať. Jedným z týchto faktorov je úroveň ľudského kapitálu. Cieľom tohto príspevku je pou...

ver descrição completa

Na minha lista:
Detalhes bibliográficos
Autor principal: Rafaj, Oliver, 1989-
Formato: Capítulo de Livro
Idioma:eslovaco
Assuntos:
Tags: Adicionar Tag
Sem tags, seja o primeiro a adicionar uma tag!

MARC

LEADER 00000naa a2200000 4500
001 0289813
005 20240502074438.1
041 0 |a slo 
044 |a SK 
245 1 0 |a Regionálne aspekty príjmových nerovností a ľudského kapitálu v Európskej únii  |c Oliver Rafaj 
520 |a Príjmové nerovnosti medzi obyvateľmi sú prítomné v každej spoločnosti. Existuje množstvo faktorov, ktoré príjmové nerovnosti spôsobujú. Zároveň však existujú aj faktory, ktoré tieto nerovnosti dokážu účinne znižovať. Jedným z týchto faktorov je úroveň ľudského kapitálu. Cieľom tohto príspevku je poukázať na vývoj príjmových nerovností v rámci regiónov Európskej únie za obdobie posledného desaťročia a poukázať na súvislosti medzi vývojom príjmových nerovností a zásobou ľudského kapitálu. 
610 2 0 |a nerovnosť príjmová 
610 2 0 |a rozdiely regionálne 
610 2 0 |a kapitál ľudský 
610 2 0 |a regióny 
610 2 0 |a Slovensko 
610 2 0 |a Európska únia 
100 1 |a Rafaj, Oliver, 1989-